000 00393nam a2200157Ia 4500
003 OSt
005 20230605143215.0
008 211028s2011 xx 000 0 und d
040 _cAIMIT LIBRARY
041 _aeng
100 _aTripti, A; Santhosh, B.
_98320
_e091935
110 _aSanthosh B
_98321
245 _aDocument management system.
260 _aMangalore
_c2011
942 _2ddc
_cPRO
999 _c219829
_d219829